Supplex libellus pro Immaculata B. Virginis Conceptione et pace christianorum, principium ad sanctissimum Dominum Nostrum Alexandrum VII pontificem maximum collatus cum autógrapho supplicantis

Detalles Bibliográficos
Formato: Libro
Lenguaje:Undetermined
Latin
Publicado: Matriti : typis Pauli de Val, 1655.
Materias:
Colección:Banco de datos
Acervo:Biblioteca Palafoxiana. Colección bibliográfica
Descripción Física:2 h. ; 4°
Tema general:Mariología
Notas:Marca de fuego: Colegio de San Juan. Número de localización: 32204-G Encuadernado con 16 obras y 2 manuscritos
LEADER 00699nam a2200157Ia 4500
008 150723s9999 xx 000 0 und d
041 0 |a lat 
050 0 |a PAFX BV4207 F4 
245 1 0 |a Supplex libellus pro Immaculata B. Virginis Conceptione et pace christianorum, principium ad sanctissimum Dominum Nostrum Alexandrum VII pontificem maximum collatus cum autógrapho supplicantis 
260 |a Matriti : typis Pauli de Val, 1655. 
300 |a 2 h. ; 4° 
500 |a Marca de fuego: Colegio de San Juan. Número de localización: 32204-G Encuadernado con 16 obras y 2 manuscritos 
650 1 0 |a Mariología 
942 |c PALALIB 
943 |g Biblioteca Palafoxiana. Colección bibliográfica 
999 |c 1066021  |d 1066021